The goal (Record no. 7430)
[ view plain ]
| 000 -LEADER | |
|---|---|
| fixed length control field | 01484nam a2200169Ia 4500 |
| 005 - DATE AND TIME OF LATEST TRANSACTION | |
| control field | 20250117103857.0 |
| 008 - FIXED-LENGTH DATA ELEMENTS--GENERAL INFORMATION | |
| fixed length control field | 250117s9999 xx 000 0 und d |
| 020 ## - INTERNATIONAL STANDARD BOOK NUMBER | |
| International Standard Book Number | 9780566086656 |
| 082 ## - DEWEY DECIMAL CLASSIFICATION NUMBER | |
| Classification number | 823.914GOL |
| 100 ## - MAIN ENTRY--PERSONAL NAME | |
| Personal name | Goldratt, Eliyahu M. |
| 245 #4 - TITLE STATEMENT | |
| Title | The goal |
| Remainder of title | a process of ongoing improvement |
| 260 ## - PUBLICATION, DISTRIBUTION, ETC. | |
| Place of publication, distribution, etc. | Great Barrington |
| Name of publisher, distributor, etc. | North River Press |
| Date of publication, distribution, etc. | 2004 |
| 300 ## - PHYSICAL DESCRIPTION | |
| Extent | 384 p. ; 23 cm. |
| 500 ## - GENERAL NOTE | |
| General note | With interviews by David Whitford, editor at large, Fortune Small Business." |
| 520 ## - SUMMARY, ETC. | |
| Summary, etc. | In this intriguing business novel, which illustrates state-of-the-art economic theory, Alex Rogo is a UniCo plant manager whose factory and marriage are failing. To revitalize the plant, he follows piecemeal advice from an elusive former college professor who teaches, for example, that reduction in the efficiency of some plant operations may make the entire operation more productive. Alex's attempts to find the path to profitability and to engage his employees in the struggle involve the listener; and thankfully the authors' economic models, including a game with matchsticks and bowls, are easy to understand. Although some characters are as anonymous as the goods manufactured in the factory, others ring true. In addition, the tender story of Alex and his wife's separation and reconciliation makes a touching contrast to the rest of the book. Recommended for anyone with an interest in the state of the American economy. |
| 650 ## - SUBJECT ADDED ENTRY--TOPICAL TERM | |
| Topical term or geographic name entry element | Manufacturing industries--United States--Fiction. |
| Withdrawn status | Lost status | Damaged status | Not for loan | Home library | Current library | Date acquired | Total checkouts | Full call number | Barcode | Date last seen | Price effective from | Koha item type |
|---|---|---|---|---|---|---|---|---|---|---|---|---|
| UONGOZI Institute Resources Centre - Dar es Salaam | UONGOZI Institute Resources Centre - Dar es Salaam | 01/17/2025 | 823.914GOL | 007800 | 01/31/2025 | 01/17/2025 | Book |
